Answers Start With G - Statistics

General Stats
  • This quiz has been taken 103 times
  • The average score is 16 of 20
Answer Stats
Hint Answer % Correct
Blue + yellow Green
97%
Study of the earth (-ology) Geology
91%
Hamburg country Germany
91%
Baseball and football players use these, and so do people who want warm hands Gloves
90%
Workout here Gym
90%
Our Milky Way Galaxy
89%
Types of this include acoustic, bass, and electric Guitar
89%
Trash Garbage
88%
It's better to ____ than to recieve Give
88%
Bear Grizzly
87%
Put on face to see better Glasses
85%
Fruit that can be seedless, cotton candy, purple, etc. Grape
83%
PGA Tour sport Golf
81%
Their child is called a "kid" Goat
80%
Sparkly craft item that never comes out of hair, carpet, or clothes Glitter
73%
Turkey Sound Gobble
70%
Sticky craft item that is used in slime Glue
69%
"Friends In Low Places" singer _____ Brooks Garth
54%
Book: "The Secret ______" Garden
45%
The ____ of Life Game
38%
No matching quizzes found
Score Distribution
Percent of People with Each Score
Percentile by Number Answered
Your Score History
You have not taken this quiz